000 00984nam a2200265 a 4500
001 000038126
003 DO-SdBNP
005 20231109113143.0
008 100920s1991 dr 000 0 spa d
040 _aDO-SdBNP
_bspa
_cBNPHU
082 4 _a330.91724
_bA148i, 1991
_222
100 1 _aAbinader, José Rafael
_911652
245 1 0 _aIdeas económicas y sociales /
_cJosé Rafael Abinader ; prólogo, Miguel Ángel Prestol.
250 _a2a. ed.
260 _aSanto Domingo :
_bParnamericana,
_c1991.
300 _a337 p. ;
_c21 cm.
500 _aIncluye datos biográficos del autor en la contracubierta
500 _aIncluye referencias bibliográficas y notas al pie de las paginas
590 _aInventariado, 2018/ YL
651 4 _aPaíses en desarrollo
_xCondiciones económicas
_99540
651 4 _aPaíses en desarrollo
_xCondiciones sociales
_945964
700 1 _aPrestol, Miguel Ángel,
_epról.
_96419
910 _aValidado. Control de calidad MFF
942 _2ddc
_cLBS1
999 _c37616
_d37616